000 00472nam a22001937a 4500
005 20250426125739.0
008 250401b |||||||| |||| 00| 0 eng d
020 _a9783484108974
_c2239.76
040 _aMAIN
041 _aGerman
082 _bBRE
_a830.9
100 _aBrenner, Peter J.
_925538
245 _aNeue Deutsche Literatur Geschichte
250 _a3rd
260 _aBerlin
_bDe Gruyter
_c2011
300 _a439
650 _aGerman Language
942 _cBK
999 _c59612
_d59612